000 00583nam a22001817a 4500
005 20140909112258.0
010 _aENG-110779
020 _a9788175416284
_c200.00
035 _aEN-94311
037 _bDBAD/PUB
082 _a379.260954
245 _aRight to education :
_bretrospect and prospects /
_cedited by Noushad Husain
260 _aDelhi
_bShipra Publications
_c2014
270 _aLG 18-19, Pankaj Central Market, I.P. Ext., Patparganj
_bDelhi
_e110092
300 _axvi,287p.
_c22cm(pbk)
700 _aNoushad Husain
942 _2ddc
_cEN
_h379.260954
_mRIG
999 _c88337
_d88337